La bandera de Yara / (Record no. 138444)

MARC details
000 -LEADER
campo de control de longitud fija 00457nam a2200157 4500
001 - NÚMERO DE CONTROL
campo de control 138444
003 - IDENTIFICADOR DE NÚMERO DE CONTROL
campo de control ES-MaACL
005 - FECHA Y HORA DE LA ÚLTIMA TRANSACCIÓN
campo de control 20230906195551.0
007 - CAMPO FIJO DE DESCRIPCIÓN FÍSICA--INFORMACIÓN GENERAL
campo de control de longitud fija t|
008 - DATOS DE LONGITUD FIJA--INFORMACIÓN GENERAL
campo de control de longitud fija 070214s1928 cu r ||||1| spa d
100 1# - ENTRADA PRINCIPAL--NOMBRE DE PERSONA
Nombre de persona Sanguily y Arizti, Manuel.
9 (RLIN) 103147
245 13 - MENCIÓN DEL TÍTULO
Título La bandera de Yara /
Mención de responsabilidad, etc. Manuel Sanguily y Arizti.
260 ## - PUBLICACIÓN, DISTRIBUCIÓN, ETC.
Lugar de publicación, distribución, etc. La Habana :
Nombre del editor, distribuidor, etc. [s. n.],
Fecha de publicación, distribución, etc. 1928 (
Fabricante A. Dorrbecker)
300 ## - DESCRIPCIÓN FÍSICA
Extensión 37 p., 1 lám. ;
Dimensiones 23 x 16 cm.
852 ## - LOCALIZACIÓN
Ubicación ES-MaACL
Número de control de estantería 1716-F-14
Holdings
Estatus retirado Estado de pérdida Estado de daño No para préstamo Colección Biblioteca de origen Biblioteca actual Ubicación en estantería Fecha de adquisición Fuente de adquisición Total de préstamos Signatura topográfica completa Código de barras Visto por última vez Precio de reemplazo Tipo de ítem Koha
        Colección de folletos Biblioteca del Ateneo de Madrid Biblioteca del Ateneo de Madrid Depósito folletos 17/01/2008     1716-F-14 1144059 23/02/2023 23/02/2023 Folleto